Equipes de Football de Ligue 1 2000-01 - Statistiques

Statistiques générales
  • Ce quiz a été pris 136 fois
  • Le résultat moyen est 15 sur 18
Statistiques - réponses
# Équipe Pts % Correct
2. Olympique Lyonnais 64
100%
15. Olympique Marseille 40
99%
9. Paris Saint-Germain 44
98%
1. FC Nantes 68
96%
14. RC Lens 40
95%
4. Girondins de Bordeaux 57
94%
3. Lille OSC 59
93%
6. Stade Rennais 48
92%
18. RC Strasbourg 29
91%
11. AS Monaco 43
90%
16. AS Saint-Étienne 37
89%
17. Toulouse FC 34
88%
13. AJ Auxerre 46
83%
12. FC Metz 43
75%
8. SC Bastia 53
64%
7. ESTAC Troyes 46
61%
10. En Avant Guingamp 44
55%
5. CS Sedan 52
54%
Aucun quiz correspondant
Distribution des résultats
% des personnes avec chaque résultat
Percentile par nombre de réponses
Votre historique - résultats
Vous n’avez pas pris ce quiz